El teatro en el primer peronismo (1943-1955) /
Gespeichert in:
| 1. Verfasser: | |
|---|---|
| Format: | Elektronisch E-Book |
| Sprache: | Spanisch |
| Veröffentlicht: |
Ciudad de Buenos Aires :
Eudeba,
[2022]
|
| Ausgabe: | Primera edición. |
| Schriftenreihe: | Colección Biblioteca proteatro.
|
| Schlagworte: | |
| Online-Zugang: | Digitalia Hispánica |
| Tags: |
Tag hinzufügen
Keine Tags, Fügen Sie den ersten Tag hinzu!
|
MARC
| LEADER | 00000nam a2200000Ii 4500 | ||
|---|---|---|---|
| 001 | DIGEUDE275 | ||
| 003 | NyNyDIG | ||
| 006 | m o d | ||
| 007 | cr ||||||||||| | ||
| 008 | 230708s2022 ag ob 000 0 spa d | ||
| 035 | |a (OCoLC)1390760806 | ||
| 040 | |a DGITA |b eng |e rda |e pn |c DGITA | ||
| 020 | |a 9789502332932 |q edición digital (ePub) | ||
| 020 | |z 9789502327938 | ||
| 043 | |a s-ag--- | ||
| 050 | 1 | 4 | |a PN2451 ebook |
| 100 | 1 | |a Zayas de Lima, Perla, |d 1941- |e author. | |
| 245 | 1 | 3 | |a El teatro en el primer peronismo (1943-1955) / |c Perla Zayas de Lima. |
| 250 | |a Primera edición. | ||
| 264 | 1 | |a Ciudad de Buenos Aires : |b Eudeba, |c [2022] | |
| 300 | |a 1 online resource. | ||
| 336 | |a text |b txt |2 rdacontent | ||
| 337 | |a computer |b c |2 rdamedia | ||
| 338 | |a online resource |b cr |2 rdacarrier | ||
| 347 | |a text file |2 rdaft | ||
| 347 | |b EPUB | ||
| 490 | 1 | |a Colección Biblioteca proteatro | |
| 504 | |a Includes bibliographical references. | ||
| 588 | 0 | |a Online resource; title from ePub title page (Digitalia, viewed July 8, 2023) | |
| 650 | 0 | |a Theater |z Argentina |x History |y 20th century. | |
| 650 | 0 | |a Argentine drama |x History and criticism. | |
| 650 | 0 | |a Peronism. | |
| 791 | 2 | |a Digitalia (Firm), |e distributor. | |
| 793 | 0 | |g Digitalia eBook Collection: |a Eudeba | |
| 776 | 0 | 8 | |i Print version: |a Zayas de Lima, Perla, 1941- |t Teatro en el primer peronismo (1943-1955). |b Primera edición. |d Ciudad de Buenos Aires : Eudeba, [2017] |z 9789502327938 |
| 830 | 0 | |a Colección Biblioteca proteatro. | |
| 856 | 4 | 0 | |3 Digitalia Hispánica |u https://digitalia.unach.elogim.com/a/128459/ |
| 910 | |a Premium collection: 2023 | ||